Marketing strategy for vegetable oils in India (Record no. 349704)

000 -LEADER
fixed length control field 00356cam a22001217a 4500
008 - FIXED-LENGTH DATA ELEMENTS--GENERAL INFORMATION
fixed length control field 180718b1981 xxu||||| |||| 00| 0 eng d
082 ## - DEWEY DECIMAL CLASSIFICATION NUMBER
Classification number T211x54 N164
100 ## - MAIN ENTRY--PERSONAL NAME
Personal name Narag, A.S.
245 ## - TITLE STATEMENT
Title Marketing strategy for vegetable oils in India
Statement of responsibility, etc. by A.S. Narag
260 ## - PUBLICATION, DISTRIBUTION, ETC.
Place of publication, distribution, etc. Calcutta
Name of publisher, distributor, etc. K.P. Bagchi
Date of publication, distribution, etc. 1981
300 ## - PHYSICAL DESCRIPTION
Extent 154p.
650 ## - SUBJECT ADDED ENTRY--TOPICAL TERM
Topical term or geographic name entry element Oils and fats, Edible - India
Holdings
Withdrawn status Lost status Damaged status Not for loan Permanent Location Current Location Date acquired Full call number Barcode Date last seen Price effective from Koha item type
        Indian Institute of Public Administration Indian Institute of Public Administration 1993-11-01 T211x54 N164 58196 2018-07-21 2018-07-21 Book

Powered by Koha